|
|
|
|
| LEADER |
01337nam a2200373Ia 4500 |
| 001 |
EBC214738 |
| 003 |
MiAaPQ |
| 005 |
20200520144314.0 |
| 006 |
m o d | |
| 007 |
cr cn||||||||| |
| 008 |
041215s2005 enk sb 001 0 eng d |
| 010 |
|
|
|z 2004025763
|
| 020 |
|
|
|z 0415328217 (cased)
|
| 035 |
|
|
|a (MiAaPQ)EBC214738
|
| 035 |
|
|
|a (Au-PeEL)EBL214738
|
| 035 |
|
|
|a (CaPaEBR)ebr10163202
|
| 035 |
|
|
|a (CaONFJC)MIL25442
|
| 035 |
|
|
|a (OCoLC)275306875
|
| 040 |
|
|
|a MiAaPQ
|c MiAaPQ
|d MiAaPQ
|
| 050 |
|
4 |
|a HB206
|b .D66 2005
|
| 082 |
0 |
4 |
|a 338.521
|2 22
|
| 100 |
1 |
|
|a Dooley, Peter C.
|
| 245 |
1 |
4 |
|a The labour theory of value
|h [electronic resource] /
|c Peter C. Dooley.
|
| 260 |
|
|
|a London:
|a New York :
|b Routledge,
|c 2005.
|
| 300 |
|
|
|a 273 p.
|
| 490 |
1 |
|
|a Routledge frontiers of political economy ;
|v 70
|
| 504 |
|
|
|a Includes bibliographical references and index.
|
| 533 |
|
|
|a Electronic reproduction. Ann Arbor, MI : ProQuest, 2015. Available via World Wide Web. Access may be limited to ProQuest affiliated libraries.
|
| 650 |
|
0 |
|a Labor theory of value.
|
| 650 |
|
0 |
|a Economics
|x History.
|
| 655 |
|
4 |
|a Electronic books.
|
| 710 |
2 |
|
|a ProQuest (Firm)
|
| 830 |
|
0 |
|a Routledge frontiers of political economy ;
|v 70.
|
| 856 |
4 |
0 |
|u https://ebookcentral.proquest.com/lib/matrademy/detail.action?docID=214738
|z Click to View
|